Chanson à trous : Vegedream - Ramenez la coupe à la maison - Statistiques

Statistiques générales
  • Ce quiz a été pris 163 fois
  • Le résultat moyen est 15 sur 18
Statistiques - réponses
Couplets Ramenez la coupe à la maison % Correct
7 Mais comment il s'appelle? {Kanté} N'golo, N'golo {Kanté} Mais comment il s'appelle? {Kanté} N'golo, N'golo {Kanté}
97%
5 J'sais plus si j'suis gaucher ou droitier Je tire des deux pieds, Ousmane {Dembélé} J'sais plus si j'suis gaucher ou droitier Je tire des deux pieds, Ousmane {Dembélé}
96%
2 Ramenez la coupe à la maison Allez les bleus, allez {Vingt} {ans} après c'est le moment Allez les bleus, allez
96%
6 Ramenez la coupe à la maison Allez les bleus, allez {Vingt} {ans} après c'est le moment Allez les bleus, allez
96%
10 Ramenez la coupe à la maison Allez les bleus, allez {Vingt} {ans} après c'est le moment Allez les bleus, allez
96%
1 Eh ça c'est Vegedream de Gagnoa Casse la démarche comme Samuel, Samuel {Umtiti} Et si y'a drah on peut toujours appeler Benjamin Mendy
95%
9 Attaquant, défense Paulo, Paulo Paul {Pogba} La Pioche Paulo, Paulo Paul {Pogba}
94%
11 On est ensemble Antoine {Griezmann}, pénalty On est ensemble
94%
3 Qui contrôle le terrain? Blaise {Matuidi}, eh Avec lui on est serein Blaise {Matuidi}, eh
93%
8 Maestro {Kimpembe}, {Kimpembe}, {Kimpembe}, {Kimpembe}, {Kimpembe}, {Kimpembe}, {Kimpembe}, Le milieu est assuré
91%
4 Passement de jambe, crochet à gauche, à droite {Kylian} {Mbappé} Accélération, virgule, petit-pont, frappe {Kylian} {Mbappé}
89%
15 On est ensemble Olivier {Giroud}, Nzonzi On est ensemble
86%
18 On est ensemble Et ça c'est Vegedream de Gagnoa Didier {Deschamps}, merci beaucoup On est ensemble
85%
16 On est ensemble Raphaël {Varane}, Flo' Thauvin
80%
14 On est ensemble Mandanda, {Lloris}, Sidibé On est ensemble
63%
17 On est ensemble Thomas {Lemar}, Areola
55%
12 On est ensemble Nabil Fékir, {Tolisso} On est ensemble
51%
13 On est ensemble {Pavard}, Ramy, Hernandez On est ensemble
50%
Aucun quiz correspondant
Distribution des résultats
% des personnes avec chaque résultat
Percentile par nombre de réponses
Votre historique - résultats
Vous n’avez pas pris ce quiz